000 00609nam a2200181Ia 4500
008 090124s9999 xx 000 0 und d
082 _b28611
100 _aमाने माणिक
245 _a बहर-विद्याधर पुंडलिक
250 _a0
260 _bउन्मेश प्रकाशन
_c1990
300 _a288
600 _aमाने माणिक
630 _a बहर-विद्याधर पुंडलिक
700 _aमाने माणिक
730 _a बहर-विद्याधर पुंडलिक
942 _cBOOK
999 _c96808
_d96808